[Event "Blitz 2018"]
[Site "Saint-Petersburg"]
[Date "2018.12.30"]
[Round "13"]
[Board "83"]
[White "Tregubov Pavel V. (RUS)"]
[Black "Lobanov Sergei (RUS)"]
[Result "1-0"]
[LiveChessVersion "1.4.8"]
[BlackElo "2434"]
[WhiteElo "2516"]

1. d4 {[%clk 0:03:03]} Nf6 {[%clk 0:03:03]} 2. c4 {[%clk 0:03:04]} e6
{[%clk 0:03:05]} 3. Nc3 {[%clk 0:03:05]} Bb4 {[%clk 0:03:06]} 4. e3
{[%clk 0:03:06]} O-O {[%clk 0:03:02]} 5. Bd3 {[%clk 0:03:07]} d5 {[%clk 0:03:01]}
6. Nge2 {[%clk 0:03:08]} dxc4 {[%clk 0:02:55]} 7. Bxc4 {[%clk 0:03:09]} e5
{[%clk 0:02:56]} 8. a3 {[%clk 0:03:04]} exd4 {[%clk 0:02:50]} 9. axb4
{[%clk 0:02:45]} dxc3 {[%clk 0:02:50]} 10. Qxd8 {[%clk 0:02:37]} Rxd8
{[%clk 0:02:50]} 11. Nxc3 {[%clk 0:02:30]} Nc6 {[%clk 0:02:14]} 12. b5
{[%clk 0:02:31]} Ne5 {[%clk 0:02:15]} 13. Be2 {[%clk 0:02:21]} Be6
{[%clk 0:02:11]} 14. e4 {[%clk 0:02:13]} Nd3+ {[%clk 0:01:33]} 15. Bxd3
{[%clk 0:02:13]} Rxd3 {[%clk 0:01:34]} 16. Bf4 {[%clk 0:02:06]} Ne8
{[%clk 0:00:59]} 17. O-O {[%clk 0:02:06]} f6 {[%clk 0:00:52]} 18. Rfd1
{[%clk 0:01:59]} Rxd1+ {[%clk 0:00:47]} 19. Rxd1 {[%clk 0:01:59]} Kf7
{[%clk 0:00:48]} 20. f3 {[%clk 0:01:54]} a6 {[%clk 0:00:42]} 21. Ra1
{[%clk 0:01:42]} Bc4 {[%clk 0:00:42]} 22. Ra4 {[%clk 0:01:41]} Bd3
{[%clk 0:00:38]} 23. Kf2 {[%clk 0:01:31]} Rd8 {[%clk 0:00:36]} 24. bxa6
{[%clk 0:01:19]} Bxa6 {[%clk 0:00:36]} 25. Nd5 {[%clk 0:00:59]} c6
{[%clk 0:00:33]} 26. Nc3 {[%clk 0:00:50]} Ke6 {[%clk 0:00:31]} 27. g4
{[%clk 0:00:48]} g6 {[%clk 0:00:28]} 28. h4 {[%clk 0:00:49]} h5 {[%clk 0:00:26]}
29. gxh5 {[%clk 0:00:47]} gxh5 {[%clk 0:00:27]} 30. Ra5 {[%clk 0:00:40]} Ng7
{[%clk 0:00:28]} 31. Bh6 {[%clk 0:00:40]} Kf7 {[%clk 0:00:30]} 32. Bxg7
{[%clk 0:00:33]} Kxg7 {[%clk 0:00:31]} 33. Ke3 {[%clk 0:00:31]} Kg6
{[%clk 0:00:28]} 34. Ra4 {[%clk 0:00:25]} Rd3+ {[%clk 0:00:29]} 35. Kf4
{[%clk 0:00:27]} Rd2 {[%clk 0:00:28]} 36. Rb4 {[%clk 0:00:27]} b5
{[%clk 0:00:26]} 37. Rb3 {[%clk 0:00:23]} Bc8 {[%clk 0:00:21]} 38. Ke3
{[%clk 0:00:15]} Rh2 {[%clk 0:00:21]} 39. Ne2 {[%clk 0:00:16]} Be6
{[%clk 0:00:14]} 40. Nf4+ {[%clk 0:00:16]} Kf7 {[%clk 0:00:15]} 41. Rc3
{[%clk 0:00:12]} Bd7 {[%clk 0:00:13]} 42. Nxh5 {[%clk 0:00:10]} Rxb2
{[%clk 0:00:12]} 43. Nf4 {[%clk 0:00:09]} Rh2 {[%clk 0:00:12]} 44. h5
{[%clk 0:00:09]} Ke7 {[%clk 0:00:10]} 45. Ra3 {[%clk 0:00:08]} Kd6
{[%clk 0:00:10]} 46. Ra7 {[%clk 0:00:07]} b4 {[%clk 0:00:11]} 47. Nd3
{[%clk 0:00:08]} c5 {[%clk 0:00:09]} 48. Ra5 {[%clk 0:00:09]} Rxh5
{[%clk 0:00:09]} 49. Nxb4 {[%clk 0:00:09]} Rh3 {[%clk 0:00:06]} 50. Ra6+
{[%clk 0:00:10]} Ke5 {[%clk 0:00:03]} 51. Nd3# {[%clk 0:00:10]} Kd5 1-0

[Event "Blitz 2018"]
[Site "Saint-Petersburg"]
[Date "2018.12.30"]
[Round "13"]
[Board "84"]
[White "Zaitsev Alexander (RUS)"]
[Black "Eliseev Alexei (RUS)"]
[Result "0-1"]
[LiveChessVersion "1.4.8"]
[BlackElo "2486"]
[WhiteElo "2402"]

1. e4 {[%clk 0:03:02]} c6 {[%clk 0:01:46]} 2. d4 {[%clk 0:03:03]} d5
{[%clk 0:01:47]} 3. Nc3 {[%clk 0:03:03]} g6 {[%clk 0:01:47]} 4. h3
{[%clk 0:03:01]} Bg7 {[%clk 0:01:48]} 5. Nf3 {[%clk 0:03:02]} Nf6
{[%clk 0:01:50]} 6. e5 {[%clk 0:02:45]} Ne4 {[%clk 0:01:51]} 7. Bd3
{[%clk 0:02:37]} Nxc3 {[%clk 0:01:50]} 8. bxc3 c5 9. O-O c4 10. Be2 Qa5 11. Qd2
{[%clk 0:02:21]} Nc6 {[%clk 0:01:57]} 12. a4 {[%clk 0:02:22]} h5 {[%clk 0:01:58]}
13. Ba3 {[%clk 0:02:14]} Bh6 14. Qe1 Bf5 {[%clk 0:02:00]} 15. Bd1
{[%clk 0:01:54]} O-O {[%clk 0:01:55]} 16. Nh4 {[%clk 0:01:52]} Bd7
{[%clk 0:01:52]} 17. f4 {[%clk 0:01:49]} Kh7 {[%clk 0:01:13]} 18. f5
{[%clk 0:01:28]} g5 {[%clk 0:01:13]} 19. e6 {[%clk 0:01:29]} fxe6
{[%clk 0:01:14]} 20. fxe6 {[%clk 0:01:25]} Rxf1+ {[%clk 0:01:15]} 21. Kxf1
{[%clk 0:01:12]} Rf8+ {[%clk 0:01:15]} 22. Kg1 {[%clk 0:01:13]} Be8
{[%clk 0:01:16]} 23. Nf3 {[%clk 0:01:06]} Bg6 {[%clk 0:01:12]} 24. Rb1
{[%clk 0:00:44]} b6 {[%clk 0:01:11]} 25. Bc1 {[%clk 0:00:33]} Rxf3
{[%clk 0:00:51]} 26. Bxf3 {[%clk 0:00:28]} Nxd4 {[%clk 0:00:51]} 27. Kh1
{[%clk 0:00:07]} Nxf3 {[%clk 0:00:47]} 28. gxf3 {[%clk 0:00:08]} d4
{[%clk 0:00:49]} 29. Rb5 {[%clk 0:00:09]} Qxa4 {[%clk 0:00:49]} 30. Rxg5
{[%clk 0:00:05]} Bxg5 {[%clk 0:00:49]} 31. Bxg5 {[%clk 0:00:06]} Qxc2
{[%clk 0:00:48]} 32. Bxe7 {[%clk 0:00:03]} Qxc3 33. Qe5 {[%clk 0:00:03]} Qxf3+
{[%clk 0:00:49]} 34. Kg1 Be4 {[%clk 0:00:44]} 35. Qg5 {[%clk 0:00:05]} Qh1+ 36.
Kf2 Qh2+ {[%clk 0:00:35]} 37. Ke1 {[%clk 0:00:06]} Qh1+ 38. Kf2 Qf3+
{[%clk 0:00:28]} 39. Kg1 {[%clk 0:00:09]} Qe3+ {[%clk 0:00:28]} 40. Qxe3
{[%clk 0:00:09]} dxe3 {[%clk 0:00:30]} 0-1

[Event "Blitz 2018"]
[Site "Saint-Petersburg"]
[Date "2018.12.30"]
[Round "13"]
[Board "85"]
[White "Kobo Ori (ISR)"]
[Black "Zablotsky Sergei (RUS)"]
[Result "1-0"]
[LiveChessVersion "1.4.8"]
[BlackElo "2459"]
[WhiteElo "2401"]

1. d4 {[%clk 0:03:01]} d6 {[%clk 0:03:02]} 2. Nf3 {[%clk 0:03:02]} g6
{[%clk 0:03:00]} 3. e4 {[%clk 0:03:01]} Nf6 {[%clk 0:02:57]} 4. Nc3
{[%clk 0:03:02]} Bg7 {[%clk 0:02:44]} 5. Be3 {[%clk 0:03:02]} c6 {[%clk 0:02:39]}
6. Qd2 {[%clk 0:02:56]} b5 {[%clk 0:02:40]} 7. Bd3 {[%clk 0:02:40]} Nbd7
{[%clk 0:02:40]} 8. Bh6 {[%clk 0:02:32]} O-O {[%clk 0:02:28]} 9. h4
{[%clk 0:02:28]} Bxh6 {[%clk 0:02:01]} 10. Qxh6 {[%clk 0:02:28]} Ng4
{[%clk 0:02:00]} 11. Qd2 {[%clk 0:02:23]} h5 {[%clk 0:01:58]} 12. Ng5
{[%clk 0:02:22]} e5 {[%clk 0:01:50]} 13. f3 {[%clk 0:02:12]} Ngf6
{[%clk 0:01:33]} 14. Ne2 {[%clk 0:02:05]} d5 {[%clk 0:01:28]} 15. exd5
{[%clk 0:01:47]} Nxd5 {[%clk 0:01:24]} 16. O-O-O {[%clk 0:01:45]} exd4
{[%clk 0:00:32]} 17. Nxd4 {[%clk 0:01:45]} Qf6 {[%clk 0:00:32]} 18. Be4
{[%clk 0:01:40]} N7b6 {[%clk 0:00:27]} 19. Nxc6 {[%clk 0:01:21]} Nc4
{[%clk 0:00:23]} 20. Qd4 {[%clk 0:01:22]} Qf4+ {[%clk 0:00:16]} 21. Kb1
{[%clk 0:01:23]} Nde3 {[%clk 0:00:16]} 22. Ne7# {[%clk 0:01:22]} 1-0

[Event "Blitz 2018"]
[Site "Saint-Petersburg"]
[Date "2018.12.30"]
[Round "13"]
[Board "86"]
[White "Kabanov Nikolai (RUS)"]
[Black "Belyakov Bogdan (RUS)"]
[Result "0-1"]
[LiveChessVersion "1.4.8"]
[BlackElo "2448"]
[WhiteElo "2311"]

1. e4 {[%clk 0:03:02]} c5 {[%clk 0:03:04]} 2. Nf3 {[%clk 0:03:02]} Nf6
{[%clk 0:03:05]} 3. Nc3 {[%clk 0:02:58]} d5 {[%clk 0:03:06]} 4. exd5
{[%clk 0:02:56]} Nxd5 {[%clk 0:03:07]} 5. Bb5+ {[%clk 0:02:56]} Bd7
{[%clk 0:03:08]} 6. Ne5 {[%clk 0:02:44]} Nf6 {[%clk 0:03:09]} 7. Qf3
{[%clk 0:02:29]} Qc8 {[%clk 0:02:30]} 8. Nxd7 {[%clk 0:02:21]} Nbxd7
{[%clk 0:02:31]} 9. O-O {[%clk 0:02:02]} a6 {[%clk 0:02:28]} 10. Bxd7+
{[%clk 0:01:52]} Qxd7 {[%clk 0:02:26]} 11. d3 {[%clk 0:01:47]} e6
{[%clk 0:02:26]} 12. Ne4 {[%clk 0:01:43]} Be7 {[%clk 0:02:15]} 13. Be3
{[%clk 0:01:43]} Nxe4 {[%clk 0:02:14]} 14. dxe4 {[%clk 0:01:43]} O-O
{[%clk 0:02:13]} 15. Rfd1 {[%clk 0:01:42]} Qc6 {[%clk 0:02:09]} 16. Rd2
{[%clk 0:01:17]} Rfd8 {[%clk 0:02:10]} 17. Rad1 {[%clk 0:01:18]} Rxd2
{[%clk 0:02:09]} 18. Rxd2 {[%clk 0:01:19]} Bf6 {[%clk 0:01:33]} 19. b3
{[%clk 0:01:17]} c4 {[%clk 0:01:33]} 20. g3 {[%clk 0:01:10]} cxb3
{[%clk 0:01:21]} 21. cxb3 {[%clk 0:01:05]} h6 {[%clk 0:01:13]} 22. h4
{[%clk 0:00:55]} Rd8 {[%clk 0:00:56]} 23. Rxd8+ Bxd8 {[%clk 0:00:57]} 24. Qd1
{[%clk 0:00:53]} Bf6 {[%clk 0:00:57]} 25. Qd3 {[%clk 0:00:51]} b5
{[%clk 0:00:55]} 26. Bf4 {[%clk 0:00:46]} h5 {[%clk 0:00:50]} 27. Qe2
{[%clk 0:00:44]} g6 {[%clk 0:00:50]} 28. e5 {[%clk 0:00:39]} Be7 {[%clk 0:00:51]}
29. Qd3 {[%clk 0:00:32]} a5 {[%clk 0:00:49]} 30. Bd2 {[%clk 0:00:13]} a4
{[%clk 0:00:49]} 31. bxa4 {[%clk 0:00:14]} bxa4 {[%clk 0:00:50]} 32. Qc3
{[%clk 0:00:14]} Qd5 {[%clk 0:00:31]} 33. Qc8+ {[%clk 0:00:14]} Kg7
{[%clk 0:00:31]} 34. Qc2 {[%clk 0:00:09]} a3 {[%clk 0:00:16]} 35. Bf4
{[%clk 0:00:08]} Qf3 {[%clk 0:00:14]} 36. Qd2 {[%clk 0:00:07]} Qd5
{[%clk 0:00:13]} 37. Bg5 {[%clk 0:00:08]} Bxg5 {[%clk 0:00:09]} 38. Qxg5
{[%clk 0:00:09]} Qxa2 {[%clk 0:00:08]} 39. Qf6+ {[%clk 0:00:10]} Kg8
{[%clk 0:00:09]} 40. Qd8+ {[%clk 0:00:11]} Kh7 {[%clk 0:00:10]} 41. Qf8
{[%clk 0:00:11]} Qb1+ {[%clk 0:00:09]} 42. Kh2 {[%clk 0:00:12]} Qf5
{[%clk 0:00:10]} 43. Qxa3 {[%clk 0:00:11]} Qxf2+ {[%clk 0:00:11]} 44. Kh3
{[%clk 0:00:12]} Qe1 {[%clk 0:00:10]} 45. Qb2 {[%clk 0:00:11]} Qh1+
{[%clk 0:00:10]} 46. Qh2 {[%clk 0:00:13]} Qxh2+ {[%clk 0:00:10]} 47. Kxh2
{[%clk 0:00:14]} Kg7 {[%clk 0:00:11]} 48. Kg2 {[%clk 0:00:15]} f6
{[%clk 0:00:12]} 0-1

[Event "Blitz 2018"]
[Site "Saint-Petersburg"]
[Date "2018.12.30"]
[Round "13"]
[Board "87"]
[White "Steinberg Nitzan (ISR)"]
[Black "Makoveev Ilya (RUS)"]
[Result "1-0"]
[BlackElo "2243"]
[WhiteElo "2447"]
[LiveChessVersion "1.4.8"]

1. e4 {[%clk 0:03:02]} c5 {[%clk 0:03:03]} 2. Nc3 {[%clk 0:03:03]} d6
{[%clk 0:02:59]} 3. f4 {[%clk 0:03:04]} g6 {[%clk 0:02:58]} 4. Nf3
{[%clk 0:03:01]} Bg7 {[%clk 0:02:59]} 5. Bb5+ {[%clk 0:03:01]} Nc6
{[%clk 0:02:51]} 6. O-O {[%clk 0:02:56]} e6 {[%clk 0:02:28]} 7. Bxc6+
{[%clk 0:02:43]} bxc6 {[%clk 0:02:29]} 8. d3 {[%clk 0:02:40]} Ne7
{[%clk 0:02:28]} 9. Qe1 {[%clk 0:02:36]} Qb6 {[%clk 0:01:19]} 10. Kh1
{[%clk 0:02:36]} Ba6 {[%clk 0:01:13]} 11. b3 {[%clk 0:02:27]} d5 {[%clk 0:00:49]}
12. e5 {[%clk 0:02:23]} Nf5 {[%clk 0:00:43]} 13. Na4 {[%clk 0:02:21]} Qb4
{[%clk 0:00:27]} 14. Bd2 {[%clk 0:02:21]} Qb8 {[%clk 0:00:05]} 15. Nxc5
{[%clk 0:02:21]} Bc8 {[%clk 0:00:06]} 16. a4 {[%clk 0:02:04]} Bf8
{[%clk 0:00:04]} 17. Bb4 {[%clk 0:01:47]} a5 {[%clk 0:00:04]} 18. Ba3
{[%clk 0:01:48]} Qa7 {[%clk 0:00:06]} 19. Qf2 {[%clk 0:01:41]} d4
{[%clk 0:00:04]} 20. Nxd4 {[%clk 0:01:32]} Bxc5 {[%clk 0:00:03]} 21. Bxc5
{[%clk 0:01:33]} Qxc5 {[%clk 0:00:04]} 22. Nxf5 {[%clk 0:01:33]} Qxf2
{[%clk 0:00:03]} 23. Nd6+ {[%clk 0:01:35]} Ke7 {[%clk 0:00:04]} 24. Rxf2
{[%clk 0:01:35]} Ba6 {[%clk 0:00:05]} 25. Ne4 {[%clk 0:01:30]} Rhd8 26. Rd1
{[%clk 0:01:21]} Rd5 {[%clk 0:00:04]} 27. Rfd2 {[%clk 0:01:17]} Rad8
{[%clk 0:00:05]} 28. Kg1 {[%clk 0:01:15]} c5 {[%clk 0:00:03]} 29. c4
{[%clk 0:01:11]} Rd4 {[%clk 0:00:03]} 30. Nxc5 {[%clk 0:01:12]} Bc8
{[%clk 0:00:04]} 31. g3 {[%clk 0:01:05]} f6 {[%clk 0:00:05]} 32. exf6+
{[%clk 0:01:06]} Kxf6 {[%clk 0:00:06]} 33. Ne4+ {[%clk 0:01:05]} Kf5
{[%clk 0:00:07]} 34. Ng5 {[%clk 0:00:57]} Kg4 {[%clk 0:00:03]} 35. Kf2
{[%clk 0:00:53]} e5 {[%clk 0:00:03]} 36. Nf3 {[%clk 0:00:50]} exf4
{[%clk 0:00:03]} 37. Nxd4 {[%clk 0:00:47]} Rxd4 {[%clk 0:00:04]} 38. gxf4
{[%clk 0:00:43]} Rxf4+ {[%clk 0:00:05]} 39. Ke3 {[%clk 0:00:43]} Rf3+
{[%clk 0:00:04]} 40. Kd4 {[%clk 0:00:42]} Rf4+ {[%clk 0:00:05]} 41. Kc5
{[%clk 0:00:41]} Rf5+ {[%clk 0:00:05]} 42. Kb6 {[%clk 0:00:39]} Rf6+
{[%clk 0:00:06]} 43. Kc7 {[%clk 0:00:36]} Bf5 {[%clk 0:00:05]} 44. d4
{[%clk 0:00:36]} Rf7+ {[%clk 0:00:05]} 45. Kb6 {[%clk 0:00:36]} Rf6+
{[%clk 0:00:06]} 46. Kc5 {[%clk 0:00:37]} Be4 {[%clk 0:00:03]} 47. d5
{[%clk 0:00:37]} Bf3 {[%clk 0:00:04]} 48. Re1 {[%clk 0:00:37]} h5
{[%clk 0:00:03]} 49. d6 {[%clk 0:00:38]} Rf5+ {[%clk 0:00:05]} 50. Kb6
{[%clk 0:00:39]} Rf6 {[%clk 0:00:06]} 51. Kc7 {[%clk 0:00:39]} Rf7+
{[%clk 0:00:05]} 52. d7 {[%clk 0:00:40]} Kg5 {[%clk 0:00:03]} 53. c5
{[%clk 0:00:39]} Bg4 {[%clk 0:00:04]} 54. c6 {[%clk 0:00:40]} h4 {[%clk 0:00:05]}
55. Kb8 {[%clk 0:00:39]} 1-0

[Event "Blitz 2018"]
[Site "Saint-Petersburg"]
[Date "2018.12.30"]
[Round "13"]
[Board "88"]
[White "Guimaraes Diogo Duarte (BRA)"]
[Black "Danielyan Vahe (ARM)"]
[Result "0-1"]
[BlackElo "2417"]
[WhiteElo "2228"]
[LiveChessVersion "1.4.8"]

1. e4 {[%clk 0:03:01]} g6 {[%clk 0:02:57]} 2. d4 {[%clk 0:03:01]} Bg7
{[%clk 0:02:58]} 3. Nf3 {[%clk 0:03:02]} a6 {[%clk 0:03:00]} 4. a4
{[%clk 0:03:02]} d6 {[%clk 0:02:59]} 5. Nc3 {[%clk 0:02:45]} Nf6 {[%clk 0:02:58]}
6. h3 {[%clk 0:02:42]} O-O {[%clk 0:02:59]} 7. Bd3 {[%clk 0:02:42]} Nc6
{[%clk 0:02:59]} 8. Bf4 {[%clk 0:02:24]} Nxd4 {[%clk 0:02:56]} 9. Nxd4
{[%clk 0:02:24]} e5 {[%clk 0:02:58]} 10. Be3 {[%clk 0:02:24]} exd4
{[%clk 0:02:59]} 11. Bxd4 {[%clk 0:02:25]} d5 {[%clk 0:02:47]} 12. e5
{[%clk 0:02:01]} Nd7 {[%clk 0:02:48]} 13. f4 {[%clk 0:01:50]} Qh4+
{[%clk 0:02:38]} 14. Bf2 {[%clk 0:01:51]} Qxf4 {[%clk 0:02:35]} 15. O-O
{[%clk 0:01:49]} Qxe5 {[%clk 0:02:34]} 16. Re1 {[%clk 0:01:46]} Qd6
{[%clk 0:02:34]} 17. a5 {[%clk 0:01:44]} Ne5 {[%clk 0:02:33]} 18. Bf1
{[%clk 0:01:45]} Be6 {[%clk 0:02:24]} 19. Bg3 {[%clk 0:01:46]} Rad8
{[%clk 0:02:13]} 20. Qe2 {[%clk 0:01:40]} Qc5+ {[%clk 0:02:14]} 21. Bf2
{[%clk 0:01:32]} Qb4 {[%clk 0:02:08]} 22. Bg3 {[%clk 0:01:20]} Nc4
{[%clk 0:02:05]} 23. Bxc7 {[%clk 0:01:21]} Qc5+ {[%clk 0:02:05]} 0-1

[Event "Blitz 2018"]
[Site "Saint-Petersburg"]
[Date "2018.12.30"]
[Round "13"]
[Board "89"]
[White "Zakhartsov Vladimir (RUS)"]
[Black "Gaifullin Artur (RUS)"]
[Result "0-1"]
[BlackElo "2231"]
[WhiteElo "2567"]
[LiveChessVersion "1.4.8"]

1. e4 {[%clk 0:02:53]} c6 {[%clk 0:03:03]} 2. d4 {[%clk 0:02:53]} d5
{[%clk 0:03:04]} 3. Nc3 {[%clk 0:02:55]} dxe4 4. Nxe4 Bf5 {[%clk 0:03:06]} 5. Ng3
{[%clk 0:02:57]} Bg6 {[%clk 0:03:07]} 6. Nf3 {[%clk 0:02:58]} Nd7
{[%clk 0:03:08]} 7. h4 {[%clk 0:02:57]} h6 {[%clk 0:03:09]} 8. h5
{[%clk 0:02:58]} Bh7 9. Bd3 Bxd3 {[%clk 0:03:11]} 10. Qxd3 {[%clk 0:03:01]} e6
{[%clk 0:03:12]} 11. Bf4 {[%clk 0:03:01]} Qa5+ {[%clk 0:03:13]} 12. Bd2
{[%clk 0:03:03]} Bb4 13. c3 Be7 {[%clk 0:03:15]} 14. c4 {[%clk 0:03:06]} Qb6
{[%clk 0:03:15]} 15. Bc3 {[%clk 0:03:01]} Ngf6 {[%clk 0:03:16]} 16. O-O-O
{[%clk 0:02:53]} Rd8 {[%clk 0:03:17]} 17. Qe2 {[%clk 0:02:49]} O-O
{[%clk 0:03:14]} 18. Ne4 {[%clk 0:02:50]} Nxe4 {[%clk 0:03:01]} 19. Qxe4
{[%clk 0:02:49]} Qa6 {[%clk 0:03:01]} 20. d5 {[%clk 0:02:42]} cxd5
{[%clk 0:02:31]} 21. cxd5 {[%clk 0:02:43]} Nf6 {[%clk 0:02:32]} 22. Bxf6
{[%clk 0:02:26]} Bxf6 {[%clk 0:02:33]} 23. Kb1 {[%clk 0:02:27]} exd5
{[%clk 0:02:17]} 24. Qd3 {[%clk 0:01:50]} Qb6 {[%clk 0:02:17]} 25. Nd4
{[%clk 0:01:50]} Rfe8 {[%clk 0:02:10]} 26. Rd2 {[%clk 0:01:51]} Re4
{[%clk 0:02:05]} 27. Nf5 {[%clk 0:01:38]} Rb4 {[%clk 0:01:42]} 28. b3
{[%clk 0:01:27]} a5 {[%clk 0:01:38]} 29. Ne3 {[%clk 0:01:07]} Rd4
{[%clk 0:01:13]} 30. Qc2 {[%clk 0:01:08]} a4 {[%clk 0:01:10]} 31. Rd3
{[%clk 0:00:55]} Rxd3 {[%clk 0:01:00]} 32. Qxd3 {[%clk 0:00:56]} axb3
{[%clk 0:01:00]} 33. Qxb3 {[%clk 0:00:51]} Qd4 {[%clk 0:01:01]} 34. Nc2
{[%clk 0:00:52]} Qxf2 {[%clk 0:01:00]} 35. Qf3 {[%clk 0:00:41]} Qb6+
{[%clk 0:00:58]} 36. Qb3 {[%clk 0:00:42]} Qe6 {[%clk 0:00:52]} 37. Re1
{[%clk 0:00:38]} Qf5 {[%clk 0:00:53]} 38. Qf3 {[%clk 0:00:28]} Qxf3
{[%clk 0:00:49]} 39. gxf3 {[%clk 0:00:29]} d4 {[%clk 0:00:49]} 40. Rd1
{[%clk 0:00:22]} d3 {[%clk 0:00:48]} 41. Ne3 {[%clk 0:00:23]} Bg5
{[%clk 0:00:44]} 42. Ng2 {[%clk 0:00:15]} Rd4 {[%clk 0:00:45]} 43. Kb2
{[%clk 0:00:16]} Bf6 {[%clk 0:00:43]} 44. Kb3 {[%clk 0:00:15]} b5
{[%clk 0:00:42]} 45. Ne3 {[%clk 0:00:11]} d2 {[%clk 0:00:43]} 46. Kc2
{[%clk 0:00:08]} Bg5 {[%clk 0:00:43]} 47. Ng2 {[%clk 0:00:09]} Ra4
{[%clk 0:00:44]} 48. Kb3 {[%clk 0:00:05]} Rc4 {[%clk 0:00:44]} 49. f4
{[%clk 0:00:04]} Bxf4 {[%clk 0:00:45]} 50. Nxf4 {[%clk 0:00:05]} Rxf4
{[%clk 0:00:46]} 51. Rxd2 {[%clk 0:00:07]} Rf5 {[%clk 0:00:47]} 52. Rh2
{[%clk 0:00:08]} Kh7 {[%clk 0:00:47]} 53. Kb4 {[%clk 0:00:10]} g6
{[%clk 0:00:48]} 54. a3 Rxh5 {[%clk 0:00:39]} 55. Rf2 {[%clk 0:00:08]} Kg7
{[%clk 0:00:39]} 56. Rc2 {[%clk 0:00:09]} Rg5 {[%clk 0:00:40]} 0-1

[Event "Blitz 2018"]
[Site "Saint-Petersburg"]
[Date "2018.12.30"]
[Round "13"]
[Board "90"]
[White "Anikonov Dmitry (RUS)"]
[Black "Yeritsyan Aram (RUS)"]
[Result "1/2-1/2"]
[BlackElo "2191"]
[WhiteElo "2511"]
[LiveChessVersion "1.4.8"]

1. Nc3 {[%clk 0:03:03]} Nc6 {[%clk 0:03:01]} 2. Nf3 {[%clk 0:03:03]} Nf6
{[%clk 0:02:58]} 3. d3 {[%clk 0:03:01]} d5 {[%clk 0:02:52]} 4. e4
{[%clk 0:03:00]} dxe4 {[%clk 0:02:51]} 5. Nxe4 {[%clk 0:03:00]} Nxe4
{[%clk 0:02:51]} 6. dxe4 {[%clk 0:03:01]} Qxd1+ {[%clk 0:02:52]} 7. Kxd1
{[%clk 0:03:01]} Bg4 {[%clk 0:02:53]} 8. c3 {[%clk 0:02:59]} O-O-O+
{[%clk 0:02:42]} 9. Kc2 {[%clk 0:03:00]} e5 {[%clk 0:02:44]} 10. Be3
{[%clk 0:03:00]} f6 {[%clk 0:02:21]} 11. Bc4 {[%clk 0:02:56]} Be7
{[%clk 0:02:10]} 12. Nd2 {[%clk 0:02:55]} Na5 {[%clk 0:02:02]} 13. Bd3
{[%clk 0:02:30]} Be6 {[%clk 0:01:52]} 14. b4 {[%clk 0:02:27]} Nc6
{[%clk 0:01:52]} 15. Bb5 {[%clk 0:02:02]} a6 {[%clk 0:01:33]} 16. Bxc6
{[%clk 0:01:54]} bxc6 {[%clk 0:01:34]} 17. Rhd1 {[%clk 0:01:51]} Rd7
{[%clk 0:01:32]} 18. Nb3 {[%clk 0:01:51]} Rxd1 {[%clk 0:01:20]} 19. Rxd1
{[%clk 0:01:47]} Rd8 {[%clk 0:01:21]} 20. Rxd8+ {[%clk 0:01:42]} Kxd8
{[%clk 0:01:20]} 21. Na5 {[%clk 0:01:39]} Kd7 {[%clk 0:01:01]} 22. a3
{[%clk 0:01:38]} g6 {[%clk 0:00:55]} 23. c4 {[%clk 0:01:37]} f5 {[%clk 0:00:52]}
24. f3 {[%clk 0:01:36]} f4 {[%clk 0:00:50]} 25. Bd2 {[%clk 0:01:31]} g5
{[%clk 0:00:51]} 26. Bc3 {[%clk 0:01:30]} Bf6 {[%clk 0:00:49]} 27. Kd3
{[%clk 0:01:31]} g4 {[%clk 0:00:45]} 28. Nb7 {[%clk 0:01:31]} gxf3
{[%clk 0:00:43]} 29. gxf3 {[%clk 0:01:32]} Ke7 {[%clk 0:00:39]} 30. Nc5
{[%clk 0:01:31]} Bc8 {[%clk 0:00:39]} 31. a4 {[%clk 0:01:25]} Kd6
{[%clk 0:00:39]} 32. a5 {[%clk 0:01:26]} Ke7 {[%clk 0:00:40]} 33. Bb2
{[%clk 0:01:18]} Kd6 {[%clk 0:00:41]} 34. Kc2 {[%clk 0:01:14]} Ke7
{[%clk 0:00:37]} 35. Bc3 {[%clk 0:01:02]} h5 {[%clk 0:00:38]} 36. Be1
{[%clk 0:01:01]} Kf7 {[%clk 0:00:33]} 37. Kd3 {[%clk 0:00:59]} Be7
{[%clk 0:00:33]} 38. Bf2 {[%clk 0:00:51]} Bxc5 {[%clk 0:00:33]} 39. Bxc5
{[%clk 0:00:53]} Bh3 {[%clk 0:00:26]} 40. Ke2 {[%clk 0:00:32]} Be6
{[%clk 0:00:27]} 41. Kd3 {[%clk 0:00:34]} Bh3 {[%clk 0:00:28]} 42. Ke2
{[%clk 0:00:27]} 1/2-1/2